LE QUIZ GÉANT DE LA GÉOGRAPHIE 🌍 - Statistiques

Statistiques générales
  • Ce quiz a été pris 202 fois
    76 depuis la dernière actualisation
  • Le résultat moyen est 8 sur 15
Statistiques - réponses
Question Réponse % Correct
Le pays le plus grand en superficie Russie
100%
Le pays le plus petit Vatican
97%
Pays totalement enclavés Vatican,Saint-Marin,Lesotho
95%
Pays commençant par "O" Oman,Ouzbékistan,Ouganda
93%
Seul pays avec un drapeau non rectangulaire Népal
67%
Plus long fleuve Le Nil
65%
Le pays avec le plus de voisins frontaliers Chine
58%
Pays avec le plus de volcans actifs Indonésie
55%
Plus grande île Groenland
37%
Pays ayant changé de nom récemment Macédoine Du Nord (Anciennement macédoine),Eswatini (Anciennement Swaziland)
32%
Capitales commençant et finissant par la même lettre Oslo, Accra, Ankara
25%
Pays contenants le plus d'îles Suède (267 000)
25%
Îles partagées entre plusieurs pays Bornéo,Timor,Hispaniola,Saint-Martin
23%
Pays sans rivières Arabie Saoudite
22%
Ville construite sur un cratère de météorite Nördlingen
0%
Aucun quiz correspondant
Distribution des résultats
% des personnes avec chaque résultat
Percentile par nombre de réponses
Votre historique - résultats
Vous n’avez pas pris ce quiz depuis la dernière actualisation